000 01269nam a22003737a 4500
003 CHAP
005 20220329141425.0
008 971013s1987 r 00010 d
010 _a67921
011 _a68893
035 _a78367
040 _cCHAP
090 _aTesis
100 0 0 _aGandoy Bernasconi, William.
_945547
245 _aTopología del escurrimiento superficial en modelos hidrólogicos distribuidos
260 _aChapingo, Méx. :
_bEl autor,
_c1987
300 _a108 h., apénd.
_b; ilus.
502 _aTesis (M.C. Esp. en Hidrociencias) -- C.P. Centro de Hidrociencias
590 _aALEPH
_b10
_c20130110
_lUCH01
_h1404
590 _aBATCH-UPD
_b10
_c20130110
_lUCH01
_h0206
590 _aBATCH-UPD
_b10
_c20130110
_lUCH01
_h1419
590 _aBATCH-UPD
_b10
_c20130409
_lUCH01
_h2218
590 _aBATCH-UPD
_b10
_c20130410
_lUCH01
_h0902
590 _aBATCH-UPD
_b10
_c20130914
_lUCH01
_h1112
590 _aCONVERSION
_b10
_c20130109
_lUCH01
_h1337
650 1 4 _aCuencas.
_930085
650 1 4 _aEscurrimiento.
_937675
650 1 4 _aHidrología
_xModelos matemáticos.
_955267
650 1 4 _aTopología.
_9113916
901 _aBK
942 _cFOLL
949 _bBC
_cTES
_d-31241
_eTS1
_h19895
_i78367
_si
949 _bBC
_cTES
_d-96842
_eTS2
_fc.2
_h19896
_i78367
_si
999 _c67921
_d67921